000 00883nam a2200265 i 4500
001 124304
003 ES-MaACL
005 20240222150539.0
007 t|
008 070528s1979 fr ||||1| fre d
080 _a947(47+57)"1925/53"
080 _a929 Stalin, Iosif Vissarionovich
100 1 _aCarrère D'Encausse, Hélène.
_935694
245 1 0 _aStaline : l'ordre par la terreur / Hélène Carrère D'Encausse.
260 _aParis :
_bFlammarion,
_c[1979]
300 _a294 p. ;
_c18 cm.
490 1 _aChamps ;
_v73.
_aChamp polithique
500 _aBiblioteca Jacinto Martínez Lacalle.
504 _aBibliografía.
600 1 4 _aStalin, Iosif Vissarionovich,
_d1879-1953
_9107862
651 4 _aURSS-
_xHistoria-
_y1925-1953.
_99472
830 0 _aChamps ;
_v73.
_aChamp polithique
_9219002
852 _aES-MaACL
_jE-11647
_bR.139707
999 _c124304
_d124304